000 00650nam a2200229 a 4500
008
020 _a053405028X (hbk. )
049 _aMAIN
090 _aQA154.2 GUS
100 1 _aGustafson, R. David.
245 1 0 _aAlgebra for college students /
_cR. David Gustafson and Peter D. Frisk.
260 _aMonterey, Calif. :
_bBrooks/Cole,
_c1985.
300 _axiii, 546 p. ;
_c25 cm.
500 _aIncludes index.
650 0 _aAlgebra.
700 1 _aFrisk, Peter D.
907 _a.b10045375
_b13-11-14
_c17-04-03
003
005 20230123134449.0
040 _cNUST
942 _cBOOKS
_kQA154.2 GUS
999 _c166364
_d166364